Ngoại ơi ... /

Spremljeno u:
Bibliografski detalji
Glavni autor: Dung Neco.
Format: Članak
Jezik:Vietnamese
Teme:
Oznake: Dodaj oznaku
Bez oznaka, Budi prvi tko označuje ovaj zapis!
Thư viện lưu trữ: Thư viện Trường Đại học Đà Lạt
LEADER 00677nam a2200265 4500
001 DLU110124196
005 ##20110826
040 # # |a DLU  |b vie 
041 # # |a vie 
044 # # |a vn 
100 # # |a Dung Neco. 
245 # # |a Ngoại ơi ... /  |c Dung Neco. 
653 # # |a Cảm xúc 
653 # # |a Hồi ức 
653 # # |a Kỉ niệm 
773 # # |t Tuần báo Giác ngộ  |g Số 430, 2008, tr. 20 
920 # # |a Phòng Tạp chí -- Trung tâm Thông tin - Thư viện Trường Đại học Đà Lạt 
994 # # |a DLU 
900 # # |a True 
911 # # |a Nguyễn Thị Linh Chi 
925 # # |a G 
926 # # |a A 
927 # # |a BB 
980 # # |a Thư viện Trường Đại học Đà Lạt